000 00439nam a2200193Ia 4500
005 20250603145845.0
008 250603s9999 xx 000 0 und d
020 _a9780702046421
050 _aRC 683.5 .H36/
100 _aHampton R. John
245 4 _aThe ECG made easy
250 _a8th ed.
260 _aNew York
260 _bChurchill Livingstone
260 _c2014
300 _a200 p
650 _aNew York
942 _cBK
999 _c43066
_d43066